| 000 | 01227namaa22003251i 4500 | ||
|---|---|---|---|
| 003 | EG-GICUC | ||
| 005 | 20260215110017.0 | ||
| 008 | 260215s2003 ae ||||jr|||| 000 0 ara d | ||
| 017 |
_a2003 / 968 _bالمكتبة الوطنية (الجزائر) |
||
| 020 | _a9961667069 | ||
| 040 |
_aEG-GiCUC _bara _cEG-GiCUC _dEG-GiCUC _erda |
||
| 043 | _a f-ae--- | ||
| 082 | 0 | 4 |
_221 _a965 _bU48 |
| 092 | 0 | 4 |
_221 _a965 _bU48 |
| 099 | _a965 U48 2003 | ||
| 100 | 1 |
_aعميور، محى الدين _eمؤلف. |
|
| 245 | 1 | 2 |
_aالجزائر الحلم والكابوس : _bمحاولة لفهم المأساة الجزائرية / _cالدكتور محى الدين عميور |
| 250 | _aالطبعة الثانية | ||
| 264 |
_aبوزريعة (الجزائر) : _bدار هومة، _c2003. |
||
| 300 |
_a352 صفحة ؛ _c24 سم |
||
| 336 |
_2rdacontent _atext |
||
| 337 |
_2rdamedia _aUnmediated |
||
| 338 |
_2rdacarrier _avolume |
||
| 504 | _aيشتمل على ارجاعات ببليوجرافية. | ||
| 541 |
_aد. جابر عصفور ؛ _bالقاهرة ؛ _cإهداء ؛ _d2024. |
||
| 650 | 1 | _2qrmak | |
| 651 | 1 |
_2qrmak _aالجزائر _xتاريخ _yالعصر الحديث |
|
| 905 | _aNermeen | ||
| 942 |
_2ddc _cBK _e21 _n0 |
||
| 999 |
_c178477 _d178477 |
||